000 00632nas a2200229 4500
001 BR9501275
003 BR-BrBNA
005 20231205094253.0
007 ta
008 230509b bl.|||p| |||| 00| 00por d
040 _aBR-BrBNA
_bpor
_cBiblioteca Nacional de Agricultura
041 _a(Pt)
072 _aF08
100 1 _aAnon.
245 1 _aCanola: opcao de cultivo no inverno
650 _aColza
650 _aRotacao de Cultura
650 _aRegiao Sul
773 0 _tLavoura (Brazil)
_xISSN 0023-9135
_g(May-Jun 1993), v. 96(601) p. 14-17
_wBR9501275
909 _a202311
_bLúcia
_c55
_dLúcia Elande
942 _2AGRIS
_n0
_cANA
999 _c143234
_d143234